[Event "39th Citta Arco Open 2017"]
[Site "Arco"]
[Date "2017.10.09"]
[Round "3.10"]
[White "Kasparov, Sergey"]
[Black "Behling, Robert"]
[Result "1-0"]
[WhiteElo "2450"]
[BlackElo "2081"]
[Annotator "TA"]
[PlyCount "75"]
[EventDate "2017.??.??"]
[EventType "swiss"]
[EventCountry "ITA"]
[SourceTitle "playchess.com"]
[Source "ChessBase"]
[SourceQuality "1"]

{[%evp 9,75,35,39,0,3,-6,0,0,4,0,6,-24,0,0,0,-10,-8,-26,-5,-75,8,8,8,0,0,-10,-15,-17,0,-75,0,-19,-11,-6,0,0,0,0,0,0,0,0,40,39,31,38,163,135,142,158,152,105,116,0,0,0,105,81,416,12,10,0,205,0,1624,1619,1504,1502]} 1. e4 c6 2. d4 d5 3. Nc3 dxe4 4. Nxe4 Bf5 5. Ng3 Bg6 6. N3e2 {B18: Classical Caro-Kann: 4...Bf5 sidelines} (6. h4 h6 7. Nf3 e6 8. Ne5 Bh7 9. Bd3 Bxd3 10. Qxd3 Nd7 11. Bf4 Qa5+ 12. c3 Ngf6 13. O-O Be7 14. Nc4 Qd5 15. Ne3 Qb5 16. c4 Qa5 17. b4 Qd8 18. d5 {½-½ (55) Sutovsky,E (2683)-Caruana,F (2799) Douglas 2017}) 6... Nf6 7. Nf4 e5 8. Nxg6 {The position is equal.} hxg6 9. Nf3 exd4 $1 10. Nxd4 Bd6 $146 ({Predecessor:} 10... Bc5 11. Qe2+ Qe7 12. Qxe7+ Kxe7 13. Nb3 Bd6 {½-½ (53) Savchenko,B (2602)-Popov,I (2656) Moscow 2013}) 11. Qe2+ Kf8 12. Be3 Qa5+ 13. c3 Nbd7 {[%cal Bb8d7,Bd7b6,Bb6d5][%mdl 32]} 14. g3 (14. Nb3 $11 Qa4 15. O-O-O) 14... Re8 (14... Qd5 $17 15. Rg1 Ne5) 15. Bg2 $11 Nb6 16. Nb3 Qe5 17. Rd1 Nbd5 {[%cal Rd5e3]} 18. Rd3 $1 g5 19. Nd2 (19. c4 $11 Nb4 20. Rd2) 19... Qf5 ({Black should try} 19... Qe7 $17) 20. O-O $1 g4 21. Rd1 Kg8 22. Nf1 {[#]} Bc5 $1 {[%mdl 512]} 23. Qd2 (23. Bxc5 Rxe2) 23... Nxe3 24. Nxe3 Qh5 {...Ne4 is the strong threat.} 25. Nf1 Rh6 26. b4 Bb6 27. c4 {[%cal Bc3c4,Bc4c5][%mdl 32]} Ne4 (27... Qf5 $14) 28. Bxe4 $18 Rxe4 29. c5 Bc7 30. Rd7 Qe5 31. Ne3 Qh5 32. Nf1 $36 {[%mdl 2048] White is pushing.} ({Much less strong is} 32. Rxc7 $6 Qxh2+ 33. Kf1 Re8 $16) 32... Qe5 33. a3 Re2 $2 {[%mdl 8192]} (33... Re6 $16) 34. Qd4 $2 ({Only move:} 34. Qd3 $1 $18) 34... Rf6 $11 35. Qxg4 {Threatens to win with Rxc7!} Rfxf2 $2 {[#]} (35... Rexf2 $11 {and Black is okay.} 36. R7d4 Re2) 36. Qh3 $2 {[#]} ({White must play} 36. Qh4 $1 $18 {Strongly threatening Rd8+!} Rg2+ 37. Kh1) 36... f6 $2 {[%mdl 8192] [#]} (36... Rg2+ $1 $11 {[%mdl 512]} 37. Qxg2 Rxg2+ 38. Kxg2 Qe2+ 39. Kg1 Be5) 37. Rxg7+ $1 $18 {[%mdl 512]} Kxg7 38. Rd7+ {Precision: White = 48%, Black = 29%.} 1-0

[Event "39th Citta Arco Open 2017"]
[Site "Arco"]
[Date "2017.10.09"]
[Round "3.11"]
[White "Vezzosi, Paolo"]
[Black "Tocco, Paolo"]
[Result "1-0"]
[WhiteElo "2299"]
[BlackElo "2097"]
[Annotator "NA"]
[PlyCount "79"]
[EventDate "2017.??.??"]
[EventType "swiss"]
[EventCountry "ITA"]
[SourceTitle "playchess.com"]
[Source "ChessBase"]
[SourceQuality "1"]
[TimeControl "40/5400+30:1800+30"]

1. e4 {[%emt 0:00:30]} b6 {[%emt 0:02:00]} 2. c4 {[%emt 0:00:00]} Bb7 {[%emt 0:00:30]} 3. Nc3 {[%emt 0:00:00]} e6 {[%emt 0:00:00]} 4. Nf3 {[%emt 0:01:30]} Bb4 {[%emt 0:03:00]} 5. Bd3 {[%emt 0:00:30] LiveBook: 174 Partien} d6 {[%emt 0:04:30] A10: English Opening: Unusual Replies for Black} (5... Nf6 6. Qe2 d6 7. O-O O-O 8. Bc2 c5 9. Nd1 b5 10. a3 Ba5 11. cxb5 a6 12. bxa6 Bxa6 13. d3 Nc6 {0-1 (33) Rakhmanov,A (2662)-Dubov,D (2648) Sochi 2016}) 6. Qa4+ {[%emt 0:10:30]} Nc6 {[%emt 0:00:30]} 7. Nd5 {[%emt 0:01:30]} a5 {[%emt 0:06:30]} 8. O-O {[%emt 0:03:30]} Qd7 $146 {[%emt 0:11:30]} ({Predecessor:} 8... Nge7 9. a3 Bc5 10. Nc3 O-O 11. Qd1 Nd4 12. Nxd4 Bxd4 13. Ne2 {1-0 (28) Taborsky,R (2105)-Forman,S Prague 1995}) 9. Nxb4 {[%emt 0:09:30]} axb4 {[%emt 0:02:30]} 10. Qd1 {[%emt 0:00:30]} e5 {[%emt 0:02:30]} 11. Bc2 {[%emt 0:01:30]} Nf6 {[%emt 0:12:30]} 12. d4 {[%emt 0:02:30]} exd4 {[%emt 0:01:30]} 13. Nxd4 {[%emt 0:00:30]} Nxd4 {[%emt 0:00:30]} 14. Qxd4 {[%emt 0:00:30]} O-O {[%emt 0:07:30]} 15. f3 {[%emt 0:01:30]} Qe6 {[%emt 0:01:30]} 16. Bf4 {[%emt 0:02:30]} Nd7 {[%emt 0:03:30]} 17. Rfc1 {[%emt 0:07:30]} Ne5 {[%emt 0:06:30]} 18. Bb3 {[%emt 0:03:30]} Qf6 {[%emt 0:05:30]} 19. Qd2 {[%emt 0:03:30]} Nc6 {[%emt 0:04:30]} 20. Be3 {[%emt 0:02:30]} Rfe8 {[%emt 0:01:30]} 21. Rc2 {[%emt 0:04:30]} Ra5 {[%emt 0:02:30]} 22. Rd1 {[%emt 0:01:30]} h5 {[%emt 0:01:11]} 23. Qe1 {[%emt 0:01:30]} h4 {[%emt 0:01:19]} 24. h3 {[%emt 0:01:30]} Ne5 {[%emt 0:04:27]} 25. Rf2 {[%emt 0:00:30]} c5 {[%emt 0:01:35]} 26. Qd2 {[%emt 0:01:30]} Ba6 {[%emt 0:02:32]} 27. Qd5 {[%emt 0:10:30]} Qe6 {[%emt 0:02:34]} 28. Rc2 {[%emt 0:02:30]} Qxd5 {[%emt 0:00:44]} 29. Rxd5 {[%emt 0:00:30]} Re6 {[%emt 0:00:12]} 30. Bf4 {[%emt 0:02:30]} f6 {[%emt 0:02:35]} 31. Bxe5 {[%emt 0:03:30]} dxe5 {[%emt 0:03:23]} 32. Rd7 {[%emt 0:00:30]} Kh7 {[%emt 0:01:56]} 33. Rcd2 {[%emt 0:01:30]} Kh6 {[%emt 0:01:13]} 34. Rc7 {[%emt 0:00:52]} g6 {[%emt 0:00:27]} 35. Kf2 {[%emt 0:00:33]} f5 {[%emt 0:01:14]} 36. exf5 {[%emt 0:05:55]} gxf5 {[%emt 0:00:01]} 37. Rd8 {[%emt 0:00:12]} Kg5 {[%emt 0:01:05]} 38. Ke3 {[%emt 0:02:39]} Rg6 $18 {[%emt 0:01:14]} 39. Rf8 {[%emt 0:03:51]} f4+ {[%emt 0:00:39]} 40. Ke4 {[%emt 0:00:00]} 1-0

[Event "39th Citta Arco Open 2017"]
[Site "Arco"]
[Date "2017.10.09"]
[Round "3.12"]
[White "Dittmar, Peter"]
[Black "Voelker, Sebastian"]
[Result "1-0"]
[WhiteElo "2266"]
[BlackElo "2018"]
[Annotator "NA"]
[PlyCount "33"]
[EventDate "2017.??.??"]
[EventType "swiss"]
[EventCountry "ITA"]
[SourceTitle "playchess.com"]
[Source "ChessBase"]
[SourceQuality "1"]
[TimeControl "40/5400+30:1800+30"]

1. e4 {[%emt 0:00:30]} Nc6 {[%emt 0:04:00]} 2. d4 {[%emt 0:03:30]} e5 {[%emt 0:00:30]} 3. dxe5 {[%emt 0:01:30]} Nxe5 {[%emt 0:00:30]} 4. f4 {[%emt 0:00:30]} Nc6 {[%emt 0:02:30]} 5. Nf3 {[%emt 0:00:30]} Bc5 {[%emt 0:09:30]} 6. Bc4 {[%emt 0:00:30]} Qe7 {[%emt 0:02:30]} 7. Nc3 {[%emt 0:04:30]} Nf6 {[%emt 0:02:30]} (7... d5 $14 8. Nxd5 (8. Qxd5 Be6 $17) (8. Bxd5 Nf6 $11) 8... Qxe4+ 9. Qe2 Qxe2+ 10. Kxe2 Bd6) 8. Qe2 {[%emt 0:02:30]} O-O {[%emt 0:04:30] [#]} 9. e5 $16 {[%emt 0:04:30]} Ne8 {[%emt 0:03:30]} 10. Nd5 {[%emt 0:03:30]} Qd8 {[%emt 0:01:30]} 11. f5 {[%emt 0:00:30]} Nd4 {[%emt 0:03:30]} 12. Nxd4 {[%emt 0:00:30]} Bxd4 {[%emt 0:00:00]} 13. f6 {[%emt 0:01:30]} c6 {[%emt 0:05:00]} 14. fxg7 {[%emt 0:09:30]} Nxg7 {[%emt 0:20:30]} 15. Nf6+ {[%emt 0:00:30]} Kh8 {[%emt 0:00:30]} 16. Qe4 {[%emt 0:00:30]} Qa5+ {[%emt 0:00:30]} 17. Kf1 {[%emt 0:00:00]} 1-0

[Event "39th Citta Arco Open 2017"]
[Site "Arco"]
[Date "2017.10.09"]
[Round "3.13"]
[White "Medancic, Rikard"]
[Black "Mastroddi, Emiliano"]
[Result "1-0"]
[WhiteElo "2225"]
[BlackElo "2053"]
[Annotator "TA"]
[PlyCount "183"]
[EventDate "2017.??.??"]
[EventType "swiss"]
[EventCountry "ITA"]
[SourceTitle "playchess.com"]
[Source "ChessBase"]
[SourceQuality "1"]

{[%evp 9,183,7,7,4,7,-10,10,0,0,0,0,-10,-2,-1,34,22,22,0,0,-23,9,-19,44,0,29,-72,43,10,45,42,37,45,60,54,67,36,80,44,62,14,107,50,85,-18,-18,-46,-48,-22,-22,-22,0,-1,11,0,21,0,14,0,0,0,21,25,30,30,88,86,89,89,86,48,75,49,53,44,47,0,56,-69,-69,-69,130,130,130,130,130,130,130,126,130,130,130,130,130,130,130,110,126,125,118,119,152,152,152,152,152,3,3,2,9,13,115,20,126,122,122,119,144,144,144,144,152,104,152,119,125,126,130,130,144,144,144,129,130,19,704,502,422,202,1056,0,0,0,0,0,0,0,0,0,0,0,0,0,0,0,0,0,0,0,12850,12850,12850,12851,12851,12851,12851,12851,12851,29965,12851,29970,12851,29969,12851,12851,12851,29978]} 1. Nf3 Nf6 2. g3 g6 3. b3 Bg7 4. Bb2 b6 5. Bg2 Bb7 6. O-O {A05: Réti Opening: 1 Nf3 Nf6} O-O 7. d3 (7. c4 c5 8. Nc3 Nc6 9. d4 Nxd4 10. Nxd4 Bxg2 11. Kxg2 cxd4 12. Qxd4 d6 13. e4 a6 14. Nd5 Rb8 15. a4 Qd7 16. Rfd1 Qb7 17. Rd2 Rfc8 18. Kg1 Rc5 19. Re1 Rbc8 20. Qe3 Nxd5 21. exd5 Bxb2 22. Rxb2 {1-0 (36) Artemiev,V (2692)-Andreikin,D (2708) Sochi 2017}) 7... d6 8. e4 {The position is equal.} e5 9. Nbd2 Nbd7 10. Qe1 $146 ({Predecessor:} 10. Nc4 Nc5 11. a4 a6 12. Ne3 Ne6 13. Nd2 Rb8 14. f4 Nd7 15. f5 Nd4 16. c3 {1-0 (51) Ondok,L (2248)-Bauer,P (2137) Hungary 2008}) 10... c5 11. Nc4 Qe7 12. Nh4 Rae8 13. Ne3 Qd8 14. c4 a6 15. f4 h6 (15... exf4 $1 $11 16. gxf4 Nh5 17. Bxg7 Nxg7) 16. Qf2 Kh7 17. Kh1 (17. f5 $11 {remains equal.}) 17... Ba8 (17... exf4 $1 $17 18. Qxf4 Ne5 19. Bxe5 dxe5) 18. Rab1 a5 19. f5 g5 20. Nf3 Rh8 21. Bc3 Bc6 22. Qe1 Qc7 23. a3 Ra8 24. Kg1 Rhb8 (24... g4 $11) 25. Qe2 (25. g4 $16) 25... b5 26. Nd5 ({White should try} 26. cxb5 $1 $16 Rxb5 27. Nd2) 26... Bxd5 $11 27. exd5 b4 28. axb4 axb4 29. Bb2 Ra2 30. Nd2 Re8 31. Rf2 Raa8 (31... g4 {seems wilder.} 32. h3 gxh3 33. Bxh3 Kg8 34. Bg2 Rea8) 32. Be4 (32. Ne4 {looks sharper.} Ra2 33. h3 Kg8 34. Rd1 Rea8 35. Rd2) 32... Nxe4 33. dxe4 Nf6 34. g4 Rh8 35. Rg2 Nd7 36. Nf3 f6 (36... Bf6 $11) 37. h4 $16 Kg8 38. Rh2 Kf7 39. Bc1 Qd8 40. Be3 Ra3 41. Qd2 Ra8 42. hxg5 (42. Qd1 {with more complications.} Ra3 43. Bc1 Ra7 44. Nd2 Qe7 45. hxg5 fxg5 46. Nf1) 42... hxg5 (42... fxg5 $11 43. Qg2 Qe7) 43. Bxg5 (43. Qc2 $14) 43... Rxh2 $1 $15 44. Qxh2 Qh8 $2 (44... fxg5 $15 {keeps the upper hand.} 45. Qh5+ Ke7 46. Qxg5+ Bf6) 45. Qxh8 $16 Bxh8 46. Be3 Rg8 47. Nh2 Ra8 48. Rb2 Ra3 49. Kf2 Nb6 50. Nf3 Bg7 51. Nd2 Ra1 52. Nb1 Bf8 53. Ke1 Nc8 54. Kd1 Ne7 {[#]} 55. Kc1 $1 Bg7 56. Rh2 Ra8 57. g5 ({White should play} 57. Kb2 $16) 57... fxg5 $11 58. Bxg5 Ng8 $1 59. Kb2 Nf6 {[#]} 60. Nd2 (60. Bxf6 $1 $16 Kxf6 61. Nd2) 60... Rh8 (60... Rg8 $1 $11) 61. Rxh8 $16 Bxh8 {[%mdl 4096] Endgame KBN-KBN} 62. Kc2 Nd7 63. Kd3 Bf6 64. Be3 Bd8 65. Ke2 Be7 66. Kf3 Bd8 67. Nf1 Be7 68. Nh2 Bd8 69. Ng4 Be7 70. Nh6+ Kg7 71. f6+ (71. Bd2 $16) 71... Nxf6 $2 {[%mdl 8192]} (71... Kxf6 $11 72. Nf5 Kf7) 72. Nf5+ Kf7 73. Bg5 {Bxf6 is the strong threat.} Nxd5 $2 (73... Bf8 74. Bh4 Ne8) 74. Bxe7 $2 (74. exd5 $18 Bxg5 75. Nxd6+ Kf6 76. Ne4+ Kf5 77. Nxg5 Kxg5 78. d6) 74... Nxe7 $11 75. Nxd6+ $18 {KN-KN} Kf6 {White must now prevent ...Nc6.} 76. Nb7 Nc6 {And now ...Nd4+ would win.} 77. Nxc5 Nd4+ 78. Ke3 Ke7 79. Nd3 Nxb3 80. Nxe5 Na5 81. Kd4 b3 82. Nd3 {Strongly threatening Kc5.} Kd6 83. Kc3 {aiming for Kb4.} Ke6 $2 {[%mdl 8192]} (83... Kc7 $11) 84. Kb4 Nb7 85. Kxb3 Nd6 86. Nf2 Nb7 87. Kb4 Kd6 88. Nd3 Kc6 89. c5 Nd8 90. Kc4 Nf7 91. Nb4+ Kc7 92. Kd5 {Precision: White = 41%, Black = 37%.} (92. c6 $18 Kd6 93. Kd4) 1-0

[Event "39th Citta Arco Open 2017"]
[Site "Arco"]
[Date "2017.10.09"]
[Round "3.14"]
[White "Wernet, Andreas"]
[Black "Passerotti, Pierluigi"]
[Result "0-1"]
[WhiteElo "2012"]
[BlackElo "2210"]
[Annotator "TA"]
[PlyCount "148"]
[EventDate "2017.??.??"]
[EventType "swiss"]
[EventCountry "ITA"]
[SourceTitle "playchess.com"]
[Source "ChessBase"]
[SourceQuality "1"]

{[%evp 14,148,2,1,4,0,7,-10,-14,-33,-39,-39,-39,-73,0,-50,-7,-7,-10,-77,-43,-60,-45,-64,-81,-105,-101,-101,-37,-66,-72,-62,-62,-62,-70,-69,-66,-58,-58,-58,-58,-58,-58,-80,-63,-76,-57,-57,-57,-80,-77,-129,-131,-131,-128,-148,-163,-166,-155,-159,-129,-152,-152,-152,-109,-166,-143,-143,-143,-146,-115,-146,-105,-296,-296,-296,-296,-296,-296,-296,-296,-296,-270,-277,-277,-263,0,-237,-159,-185,-159,-159,-159,-159,-159,-159,-159,-1555,-159,-903,-159,-159,-159,-1555,-159,-159,-159,-159,-159,-710,-159,-162,-159,-159,-159,-159,-159,-159,-159,-159,-159,-159,-159,-29977,-29976,-29981,-29982,-29983,-29984,-29984,-29984,-29984,-29985,-29985,-29986,-29986,-29987]} 1. c4 e6 2. e4 c5 3. Nc3 d6 4. g3 Nc6 5. d3 g6 6. Bg2 Bg7 7. Nge2 Nge7 8. Rb1 {LiveBook: 16 Partien. A36: Englische Eröffnung (Botwinnik-Variante)} (8. O-O O-O 9. Rb1 b6 10. a3 Bb7 11. b4 Qd7 12. Bg5 h6 13. Be3 Nd4 14. f4 f5 15. Qd2 Kh7 16. Rbe1 Rae8 17. Bf2 Nec6 18. b5 Nxe2+ 19. Nxe2 Nd4 20. Nxd4 cxd4 21. exf5 gxf5 22. Bxb7 Qxb7 {0-1 (30) Dominguez Perez,L (2732)-Wojtaszek,R (2727) Huaian 2016}) 8... b6 9. O-O Bb7 10. Bd2 $146 {Die Stellung ist ausgeglichen.} ({Vorgänger:} 10. f4 O-O 11. a3 f5 12. h3 Nd4 {½-½ (21) Kovacs,D (2119)-Demeter,T (1917) Hungary 2004}) 10... O-O 11. Qc1 Nb4 12. Nf4 e5 13. Nfd5 Nxd3 (13... Nexd5 $17 14. Nxd5 Nxa2) 14. Qd1 Nb4 15. Nxb4 $1 cxb4 16. Ne2 (16. Nd5 $11) 16... a5 17. a3 Ba6 $36 {[%cal Bb7a6,Ba6c4,Bc4e6][%mdl 2080] Schwarz steht aktiver.} 18. axb4 Bxc4 19. b3 Be6 20. Nc3 d5 (20... axb4 $17 21. Nd5 Nxd5 22. exd5 Bd7 23. Bxb4 Bb5) 21. Nxd5 Nxd5 ({Natürlich nicht} 21... Bxd5 $6 22. exd5 Nf5 23. Re1 $14) 22. exd5 Bxd5 23. Bg5 Qxg5 24. Qxd5 Rad8 25. Qb5 axb4 26. Qxb4 Qf6 27. Rbc1 Rd6 28. Qg4 h5 29. Qf3 Qxf3 30. Bxf3 Rd3 31. Be4 Rxb3 32. Rb1 (32. Rfd1 $142) 32... Rxb1 $1 $17 33. Rxb1 {[%mdl 4096] Endspiel KTL-KTL} Rb8 $1 34. Bc6 Bf8 35. Kg2 Bc5 36. Ra1 Kf8 37. Ra8 Rxa8 38. Bxa8 {KL-KL} f5 39. f3 (39. Bc6 $17 {war angesagt.}) 39... Ke7 40. Bc6 Be3 41. h3 Bg5 42. Kf2 h4 43. g4 $2 (43. gxh4 $17 Bxh4+ 44. Ke2) 43... Bc1 $19 44. Ke2 Kf6 45. Kf2 Kg5 46. Be8 Ba3 47. Kf1 Bc5 48. Kg2 Bd4 49. Kf1 Bc5 50. Kg2 $1 Bd6 51. Kf1 e4 52. gxf5 gxf5 53. fxe4 fxe4 54. Ke2 Kf4 55. Bb5 $2 (55. Kf2 $17) 55... Ke5 $2 (55... e3 $19 56. Be8 Ke4) 56. Kd2 $2 {[#]} (56. Bd7 $17) 56... Kd4 $2 (56... Bc5 $1 $19 {[%cal Rc5b4] bietet bessere Gewinnchancen.} 57. Ke2 Kf4) 57. Bc6 Be7 58. Bd7 $2 {[#]} (58. Ke2 $17) 58... Bg5+ $2 (58... e3+ $1 $19 59. Ke2 Bg5) 59. Ke2 $17 Kc5 60. Bf5 e3 61. Kd3 $2 (61. Bd3 $17) 61... b5 $2 (61... Kd5 $19 62. Be4+ Kc5) 62. Bg4 Kb4 63. Bd7 Bh6 64. Bc6 Kc5 65. Be8 Kb6 66. Bd7 Ka5 67. Be8 b4 {[%cal Bb5b4,Bb4b3,Bb3b2][%mdl 32]} 68. Bd7 $2 (68. Ke2 $17) 68... b3 {Schwarz setzt Matt.} 69. Be6 Kb4 70. Bd5 Ka3 71. Bc4 Bg5 72. Ke2 b2 73. Bd3 Ka2 74. Bc4+ Ka1 {Precision: Weiß = 30%, Schwarz = 58%.} 0-1

[Event "39th Citta Arco Open 2017"]
[Site "Arco"]
[Date "2017.10.09"]
[Round "3.15"]
[White "Jung, Florian"]
[Black "De Eccher, Stefano"]
[Result "0-1"]
[WhiteElo "1921"]
[BlackElo "2193"]
[Annotator "TA"]
[PlyCount "108"]
[EventDate "2017.??.??"]
[EventType "swiss"]
[EventCountry "ITA"]
[SourceTitle "playchess.com"]
[Source "ChessBase"]
[SourceQuality "1"]

{[%evp 12,108,21,-1,0,-21,-31,-31,-36,-36,-35,-35,-29,-33,-27,-33,-30,-37,-11,-53,-25,-61,-62,-74,-49,-50,-58,-74,-65,-70,-72,-91,-90,-112,-105,-109,-106,-115,-96,-109,-102,-96,-97,-149,-142,-125,-120,-258,-288,-281,-268,-333,-318,-320,-217,-278,-249,-314,-313,-287,-234,-427,-439,-451,-447,-424,-430,-448,-382,-637,-632,-731,-625,-908,-483,-5332,-5329,-5165,-377,-467,0,-5010,-5002,-3668,-3784,-2731,-2426,-2356,-2189,-1307,-1353,-6379,-6299,-5506,-5318,-6395,-6299,-29994,-29995]} 1. e4 e5 2. Nf3 Nc6 3. d4 exd4 4. Nxd4 Bb4+ 5. c3 Bc5 6. Be3 Bb6 {C45: Scotch Game} 7. g3 {LiveBook: 27 Games} (7. Nf5 g6 8. Bxb6 axb6 9. Ne3 Nf6 10. f3 O-O 11. c4 Nh5 12. Qd2 f5 13. Nc3 f4 14. Ned5 Qh4+ 15. Qf2 {1-0 (30) Yu,Y (2729)-Bu,X (2705) Doha 2016}) 7... d5 8. Bg2 (8. Nd2 {is interesting.} Nf6 9. Bg2 O-O 10. O-O Bg4 11. Qc2) 8... dxe4 {The position is equal.} 9. Bxe4 $146 ({Predecessor:} 9. Nd2 Nxd4 10. cxd4 Nf6 11. O-O Bf5 12. Nc4 O-O 13. Nxb6 axb6 14. Qb3 {½-½ (49) Lyell,M (2228)-Ekdyshman,M (2370) Budapest 2014}) 9... Nxd4 10. cxd4 Nf6 11. Bg2 O-O 12. O-O c6 13. Nc3 Bg4 14. Qd2 Qd7 15. Na4 Bh3 16. Bxh3 Qxh3 17. f3 Rad8 (17... Qf5 {seems wilder.} 18. Rae1 Rfe8 19. Nc5 Rad8 20. b4 h5) 18. Nxb6 axb6 19. Bg5 Qf5 20. g4 Qg6 21. Rad1 Rd5 22. Bxf6 Qxf6 23. Qe3 Rfd8 24. Rfe1 {[#] Threatening mate with Qe8+!} h6 25. Kg2 c5 {[%cal Bc6c5,Bc5d4,Bd4d3][%mdl 32]} 26. Qe7 Qc6 27. Re4 (27. a3 $142) 27... cxd4 $17 28. Rd2 Qc1 29. Ree2 (29. Qb4 $17) 29... d3 $19 30. Rf2 Qc6 31. Qa3 Rd4 {( -> ...Rxg4+)} 32. h3 Qc5 33. Qb3 R8d6 34. a3 Qe5 35. Qd1 Qe3 36. Qc1 $2 (36. Rf1) 36... Rc6 37. Qd1 {[#]} h5 $1 {[%mdl 512]} 38. Rf1 {intending Re1.} (38. gxh5 Qg5+) 38... Re6 (38... hxg4 $2 39. fxg4 Rc2 40. Rff2 $19) 39. Rff2 h4 40. Qh1 $2 (40. Kh1) 40... Rc6 41. Qg1 g6 42. Qh1 Kg7 43. Qg1 (43. b3 $142 Rc3 44. Qb1) 43... Rdc4 44. Qf1 Rd6 $2 (44... Rc1 45. Qxd3 Qe1) 45. Qg1 Rdc6 (45... Qf4 $142 46. Qh2 Qd4) 46. Qf1 Rc1 47. Qxd3 Qe1 {[%csl Gc1][%cal Re1h1]} 48. Rf1 Qg3+ 49. Kh1 Qxh3+ 50. Kg1 Qg3+ 51. Rg2 Rxf1+ 52. Qxf1 Qf4 53. Re2 Rc1 54. Re1 Qg3+ {Precision: White = 32%, Black = 63%.} 0-1

[Event "39th Citta Arco Open 2017"]
[Site "Arco"]
[Date "2017.10.09"]
[Round "3.16"]
[White "Astengo, Corrado"]
[Black "Cluyts, Marc"]
[Result "1/2-1/2"]
[WhiteElo "2125"]
[BlackElo "1968"]
[Annotator "NA"]
[PlyCount "94"]
[EventDate "2017.??.??"]
[EventType "swiss"]
[EventCountry "ITA"]
[SourceTitle "playchess.com"]
[Source "ChessBase"]
[SourceQuality "1"]
[TimeControl "40/5400+30:1800+30"]

1. e4 {[%emt 0:00:30]} e5 {[%emt 0:01:00]} 2. Nf3 {[%emt 0:00:00]} Nc6 {[%emt 0:00:00]} 3. d4 {[%emt 0:00:00]} exd4 {[%emt 0:00:00]} 4. Bc4 {[%emt 0:00:30]} Nf6 {[%emt 0:00:30]} 5. e5 {[%emt 0:00:00]} Ne4 {[%emt 0:01:30]} 6. O-O {[%emt 0:00:00]} d5 {[%emt 0:02:30]} 7. Bb5 {[%emt 0:01:30]} Bd7 {[%emt 0:17:30]} 8. Bxc6 {[%emt 0:00:30]} bxc6 {[%emt 0:00:30]} 9. Nxd4 {[%emt 0:00:00]} Bc5 {[%emt 0:07:30]} 10. Be3 {[%emt 0:01:00]} O-O {[%emt 0:00:30]} 11. f3 $11 {[%emt 0:00:30] LiveBook: 37 Partien} Ng5 {[%emt 0:01:30]} 12. f4 {[%emt 0:00:00]} Ne4 {[%emt 0:04:30]} 13. Nd2 {[%emt 0:00:00]} Nxd2 {[%emt 0:01:30]} 14. Qxd2 {[%emt 0:00:30]} Bb6 {[%emt 0:06:30]} 15. Nb3 {[%emt 0:02:30]} Qe7 {[%emt 0:05:30]} 16. a4 {[%emt 0:05:30]} a5 {[%emt 0:13:30]} 17. Qf2 {[%emt 0:02:30]} Rab8 {[%emt 0:06:30]} 18. Bc5 {[%emt 0:03:30]} Bxc5 {[%emt 0:00:30]} 19. Qxc5 {[%emt 0:00:30]} Qxc5+ {[%emt 0:01:30]} 20. Nxc5 {[%emt 0:00:30]} Bf5 {[%emt 0:03:30]} 21. b3 {[%emt 0:00:30]} Rfd8 {[%emt 0:04:30]} 22. Rf2 {[%emt 0:01:30]} d4 {[%emt 0:00:30]} 23. Rd1 {[%emt 0:02:30]} Rd5 {[%emt 0:00:32]} 24. Nd3 {[%emt 0:02:30]} Bxd3 {[%emt 0:07:16]} 25. Rxd3 {[%emt 0:01:30]} h5 {[%emt 0:00:41]} 26. Rfd2 {[%emt 0:00:30]} c5 {[%emt 0:03:36]} 27. Kf2 {[%emt 0:03:30]} g6 {[%emt 0:01:14]} 28. Kf3 {[%emt 0:00:30]} c6 {[%emt 0:01:27]} 29. Ke4 {[%emt 0:01:30]} Re8 {[%emt 0:00:35]} 30. Rg3 {[%emt 0:01:30]} h4 {[%emt 0:03:13]} 31. Rg5 {[%emt 0:03:30]} Kg7 {[%emt 0:00:01]} 32. Kd3 {[%emt 0:00:00]} f6 {[%emt 0:00:04]} 33. exf6+ {[%emt 0:00:00]} Kxf6 {[%emt 0:00:01]} 34. Rf2 {[%emt 0:07:30]} Re3+ {[%emt 0:00:25]} 35. Kd2 {[%emt 0:00:30]} Rxg5 {[%emt 0:02:32]} 36. fxg5+ {[%emt 0:00:30]} Kxg5 {[%emt 0:00:01]} 37. Rf7 {[%emt 0:00:30]} Kg4 {[%emt 0:01:19]} 38. Rf6 {[%emt 0:00:30]} g5 {[%emt 0:00:26]} 39. Rxc6 {[%emt 0:00:00]} Rc3 {[%emt 0:01:11]} 40. Ra6 {[%emt 0:05:00]} h3 {[%emt 0:30:16]} 41. gxh3+ {[%emt 0:02:30]} Kxh3 {[%emt 0:00:00]} 42. Rh6+ {[%emt 0:03:30]} Kg4 {[%emt 0:00:00]} 43. Rc6 {[%emt 0:03:30]} Kh3 {[%emt 0:00:00]} 44. Rh6+ {[%emt 0:00:30]} Kg4 {[%emt 0:00:00]} 45. Rc6 {[%emt 0:01:30]} Kh3 {[%emt 0:00:00]} 46. Rh6+ {[%emt 0:19:30]} Kg4 {[%emt 0:00:00]} 47. Rc6 {[%emt 0:00:30]} Kh3 {[%emt 0:00:00]} 1/2-1/2

[Event "39th Citta Arco Open 2017"]
[Site "Arco"]
[Date "2017.10.09"]
[Round "3.17"]
[White "Tonina, Filippo"]
[Black "Pedersen, Henrik Bolding"]
[Result "1/2-1/2"]
[WhiteElo "2021"]
[BlackElo "2125"]
[Annotator "NA"]
[PlyCount "30"]
[EventDate "2017.??.??"]
[EventType "swiss"]
[EventCountry "ITA"]
[SourceTitle "playchess.com"]
[Source "ChessBase"]
[SourceQuality "1"]
[TimeControl "40/5400+30:1800+30"]

1. c4 {[%emt 0:00:30]} e6 {[%emt 0:01:00]} 2. Nc3 {[%emt 0:00:30]} d5 {[%emt 0:00:30]} 3. d4 {[%emt 0:00:30]} Nf6 {[%emt 0:00:30]} 4. cxd5 {[%emt 0:00:30]} exd5 {[%emt 0:00:00]} 5. Bg5 {[%emt 0:00:00]} c6 {[%emt 0:00:00]} 6. e3 {[%emt 0:00:00]} Qb6 {[%emt 0:05:30]} 7. Qc2 {[%emt 0:03:30]} Ne4 {[%emt 0:02:30]} 8. Bf4 {[%emt 0:07:30]} Bf5 {[%emt 0:12:30]} 9. Bd3 {[%emt 0:06:30]} Na6 {[%emt 0:05:30]} 10. a3 {[%emt 0:01:30]} Qa5 {[%emt 0:22:30]} 11. Rc1 {[%emt 0:06:30]} Nxc3 {[%emt 0:06:30]} 12. Qxc3 {[%emt 0:01:30]} Qxc3+ {[%emt 0:01:30]} 13. Rxc3 {[%emt 0:01:30]} Bxd3 {[%emt 0:00:30]} 14. Rxd3 {[%emt 0:00:00]} Kd7 {[%emt 0:00:30]} 15. Nf3 {[%emt 0:08:00]} f6 {[%emt 0:00:30]} 1/2-1/2